00716nam a22002297a 450000500170000001000130001702000230003003500130005303700170006604000120008308200150009510000200011024500690013025000120019926000460021127000490025730000370030650000430034365000150038665000640040170000210046520170124110214.0 aA-950919 c350.00a8120314905 aA-950919 bCen Lib/ Ret aDPLbEN a380.1bKOT aKotler, Philip  aPrinciples of marketing /cby Philp kotler [and] Gary Armstrong  a8th ed  aNew Delhi bPrentice Hall of India c1999 bNew Delhi aM-97, connaught circus e110001 avarious pagings:c27cm(Hb)bill. aIncludes appendix, glossary and index  aMarketing  aMarketing -- Marketingpolitik -- Verkauf -- Theorie -- USA. aArmstrong, Gary